000 00287nam a2200133Ia 4500
100 _aDEOPUJARI/U.P.
250 _a2ND
942 _cBK
245 _aMAHARASHTRA GENERAL CONDITION OF SERVICES
260 _bNagpur Law House
_aNagpur
300 _a252
546 _aENGLISH
999 _c31798
_d31798